Statistics for Geography by Picture - L

Click here to take the quiz!

General Stats

  • This quiz has been taken 50,560 times
    (50,507 since last reset)
  • The average score is 12 of 18

Answer Stats

Answer% Correct
London
100%
Lava
98%
Las Vegas
95%
Los Angeles
93%
Lebanon
89%
Louisiana
88%
Lesotho
87%
Lighthouse
86%
Longitude
81%
Lira
65%
Liverpool
65%
Lagoon
53%
Lima
43%
Luxor
40%
Loch {Lomond}
35%
Levee
32%
Lhasa
24%
Lake {Louise}
20%

Score Distribution

Percentile by Number Answered

Percent of People with Each Score

Your Score History

You have not taken this quiz since the last reset